Pakistan Law Reporter

Detalles Bibliográficos
Formato: Revista
Lenguaje:inglés
Publicado: Lahore : Plus Media Solutions Private, 2011-
Materias:
Acceso en línea:http://www.vlex.com/source/6552

MARC

LEADER 00000nas a22000007a 4500
005 20130503150941.0
007 cr|||| ||||
008 130503c2011 pk u|p s|||| 0|||a1eng d
035 |a 6552 
040 |a vLex 
090 |c 4278  |d 4278 
245 0 0 |a Pakistan Law Reporter  |h [Recurso electrn̤ico]  
256 |a Servicio en ln̕ea 
260 |a Lahore :  |b Plus Media Solutions Private,   |c 2011- 
300 |a 1 Recurso electrn̤ico 
506 |d vLex Global  |d vLex Global (Academic Edition, excluding Law Schools)  |d vLex Global (U.S. Academic Edition, Law Schools)  |d vLex Global (U.S. Academic Edition, excluding Law Schools)  |d vLex Global (Academic Edition, Law Schools) 
650 0 4 |a Informacin̤ general  |v Revistas  |z Pakistǹ 
650 0 4 |a Informacin̤ general  |v Revistas  |z Asia 
740 |a vLex Revistas (Servicio en ln̕ea) 
856 |a Acceso restringido  |u http://www.vlex.com/source/6552 
942 |c REV 
999 0 |a News